LEADER 01659nam a2200301 u 4500 001 000000013439 003 CaOOAMICUS 005 20070226105643.0 008 941026s1951 dcu u000 u ita u 035 $a10321500 040 $aPUL(R)$bita 100 1 $aBalducelli, Ruggero,$cO.S.F.S.$0(OLS)http://pul/name/12657 245 13$aIl concetto teologico di caritą attraverso le maggiori interpretazioni patristiche e medievali di I ad Cor. XIII /$cRuggero Balducelli. 260 $aWashington, D.C. :$bThe Catholic University of America Press,$c1951. 300 $axxxi, 244 p. ;$c23 cm 490 1 $aThe Catholic University of America studies in sacred theology.$a2nd series ;$vno. 48 500 $aComprende indici. 502 $aDiss. -- Catholic University of America (Washington, D.C.), 1951. 504 $aBibliografia: p. xiii-xix. 630 04$aBiblia.$pN.T.$pAd Corinthios I.$nXIII$xCritica e interpetazione.$0(OLS)http://pul/subject/9743 650 4$aCaritą.$0(OLS)http://pul/subject/670 710 2 $aCatholic University of America.$0(OLS)http://pul/name/633 830 4$aThe Catholic University of America studies in sacred theology.$n2nd series ;$vno. 48.$0(OLS)http://pul/title/19402 850 $aPUL 852 $aPUL$W1$xDP1 Fondo Cecchetti$y53$m267 H 19$j18945$nBK-PRI$b $qFondi$B18945$CPULBib$Z2$F18945 $HPUL1996 $81 941 1 $a1 996 $6245$aIl concetto teologico di caritą attraverso le maggiori interpretazioni patristiche e medievali di I ad Cor. XIII$9(OLS)http://pul/title/19401 996 $6260$aWashington, D.C. :$bThe Catholic University of America Press$9(OLS)http://pul/publisher/48680 LEADER 01597nam a2200373 a 4500 001 000000149458 003 CaOOAMICUS 005 20160217113712.0 008 160217s2016 it u000 u ita r 020 $a978-88-339-2744-2* 032 $aLibriCat 040 $aPUL$bita 041 1 $aita$heng 082 04$a539 100 1 $aOppenheimer, Julius Robert,$d1904-1967.$0(OLS)http://pul/name/95294 240 10$aScience and the common understanding.$lItaliano.$0(OLS)http://pul/title/188432 245 10$aScienza e pensiero comune /$cJ. Robert Oppenheimer ; traduzione di Luigi Bianchi e Ludovico Terzi. 260 $aTorino :$bBollati Boringhieri,$c©2016. 300 $a108 p. ;$c22 cm. 490 1 $aSaggi 504 $aBibliografia p. [107]-108. 650 4$aScienza e civiltą.$0(OLS)http://pul/subject/10526 650 4$aScienza$xAspetti sociali.$0(OLS)http://pul/subject/39620 700 1 $aBianchi, Luigi.$0(OLS)http://pul/name/95295 700 1 $aTerzi, Ludovico.$0(OLS)http://pul/name/95296 830 0$aSaggi (Bollati Boringhieri)$pScienze.$0(OLS)http://pul/title/150034 850 $aPUL 852 $aPUL$W1$xSL Cons. Gen., Altre Classi 3$y75$m539 OPPRO 1$j172103$qDDC 21$B173724$CPULBib$Z2$F173724 $H127172 $81 941 1 $a9 996 $6020$a978-88-339-2744-2*$9(OLS)http://pul/number/159721 996 $6082$a539$9(OLS)http://pul/classification/2910 996 $6245$aScienza e pensiero comune$9(OLS)http://pul/title/188433 996 $6260$aTorino :$bBollati Boringhieri$9(OLS)http://pul/publisher/47883